| 000 | 01538nam a2200469 i 4500 | ||
|---|---|---|---|
| 001 | 51092 | ||
| 003 | KOSZ 005 | ||
| 005 | 20220421133630.0 | ||
| 008 | 970510s1994 pl a f f |000 0 pol | ||
| 015 | _aUWD 1994/7486 | ||
| 020 | _a8301108770 | ||
| 035 | _a991000601639705066 | ||
| 035 | _a(PL-WaBN)b10202298-48omnis_nlop | ||
| 035 | _ab10202298 | ||
| 035 | _a(OCoLC)749640950 | ||
| 035 | _azz2006795910 | ||
| 035 | _a(PL)b0000001020229 | ||
| 035 | _a(EXLNZ-48OMNIS_NETWORK)9910486749405606 | ||
| 040 |
_aWA N _cWA N _dKOSZ 005/HR |
||
| 046 | _k1994 | ||
| 080 | _a543 | ||
| 080 | _a(075.8+076) | ||
| 245 | 0 | 0 |
_aĆwiczenia rachunkowe z chemii analitycznej : _bpraca zbiorowa / _cpod red. Zbigniewa Galusa ; [aut. Małgorzata Galus et al.]. |
| 250 | _aWyd. 5. | ||
| 260 |
_aWarszawa : _bWydawnictwo Naukowe PWN, _c1994. |
||
| 300 |
_a357, [3] s. : _bwykr. ; _c24 cm. |
||
| 336 |
_aTekst _btxt _2rdacontent |
||
| 337 |
_aBez urządzenia pośredniczącego _bn _2rdamedia |
||
| 338 |
_aWolumin _bnc _2rdacarrier |
||
| 380 | _aKsiążki | ||
| 388 | _a1901-2000 | ||
| 388 | _a1945-1989 | ||
| 650 | 7 |
_aChemia analityczna _2DBN |
|
| 655 | 7 |
_aĆwiczenia i zadania _2DBN |
|
| 658 | _aChemia | ||
| 700 | 1 |
_aGalus, Małgorzata _eAutor |
|
| 700 | 1 |
_aGalus, Zbigniew _d(1934- ) _eRedakcja |
|
| 710 | 2 |
_aWydawnictwo Naukowe PWN _4pbl |
|
| 856 |
_uhttp://koha.tu.koszalin.pl/cgi-bin/koha/opac-detail.pl?biblionumber=51092 _yKatalog online BPK |
||
| 942 |
_2UKD _cKS |
||
| 999 |
_c51092 _d51092 |
||